000
00291nam a2200097Ia 4500
001
1228908
005
20250827093051.0
008
250824s9999 xx 000 0 und d
245
0
_a
BİBERLİ SALAM KARŞI
_c
SINIKKA NOPOLA, TIINA NOPOLA
260
_b
ALTIN KİTAPLAR YAYINLARI
999
_c
1228908
_d
1228908